000 00284pam a2200133 a 4500
020 _c
041 _h
082 _a759.1
_bBAI
100 _aMartin Bailey.
245 _aDurer
_hTextual Documents
260 _aAmerica
_bPhaidon Book
_c2003
300 _a48:
_bpaper.
930 _a5227
999 _c239017
_d239017